[Event "CRO-chT4A Center"]
[Site "Zagreb"]
[Date "2010.10.17"]
[Round "8.32"]
[White "Dotlic, Zdravko"]
[Black "Raguz, Dario"]
[Result "0-1"]
[WhiteElo "1996"]
[BlackElo "2177"]
[PlyCount "86"]
[EventDate "2010.03.21"]
[EventType "team-tourn"]
[EventRounds "11"]
[EventCountry "CRO"]
[SourceTitle "EXT 2012"]
[Source "ChessBase"]
[SourceDate "2011.11.24"]
[SourceVersion "1"]
[SourceVersionDate "2011.11.24"]
[SourceQuality "1"]

1. e4 c5 2. Nf3 d6 3. d4 cxd4 4. Nxd4 Nf6 5. Nc3 a6 6. Bg5 e6 7. f4 Nbd7 8. Qf3 Qc7 9. 0-0-0 b5 10. a3 Bb7 11. g4 Be7 12. Bxf6 Nxf6 13. g5 Nd7 14. f5 e5 15. Nb3 Bxg5+ 16. Kb1 0-0 17. h4 Be7 18. h5 h6 19. Rg1 Rfd8 20. Nd5 Bxd5 21. Rxd5 Rdc8 22. Rd2 Bg5 23. Rdg2 f6 24. Bd3 Qb6 25. Qe2 Nc5 26. Nd2 Na4 27. Nf3 b4 28. Bc4+ d5 29. Bb3 bxa3 30. Nxg5 hxg5 31. Qd2 Nxb2 32. Ka2 Nc4 33. Qd3 Qd4 34. Qxd4 exd4 35. exd5 Na5 36. Ba4 Rc3 37. Re2 d3 38. cxd3 Rxd3 39. Rge1 Rxd5 40. Be8 Nc4 41. Bg6 Ne5 42. Kxa3 Rb8 43. Re4 Ra5+ 0-1

[Event "Velika Gorica op 9th"]
[Site "Velika Gorica"]
[Date "2010.08.31"]
[Round "9"]
[White "Blazeka, Damjan"]
[Black "Raguz, Dario"]
[Result "1-0"]
[WhiteElo "2031"]
[BlackElo "2213"]
[PlyCount "61"]
[EventDate "2010.08.23"]
[EventType "swiss"]
[EventRounds "9"]
[EventCountry "CRO"]
[SourceTitle "CBM 138 Extra"]
[Source "ChessBase"]
[SourceDate "2010.10.29"]
[SourceVersion "1"]
[SourceVersionDate "2010.10.29"]
[SourceQuality "1"]

1. e4 g6 2. d4 Bg7 3. Nf3 d6 4. Nc3 a6 5. a4 Nf6 6. Bf4 Nc6 7. h3 0-0 8. Be2 b6 9. 0-0 Bb7 10. Re1 Re8 11. Bc4 Nh5 12. Be3 e5 13. Bg5 Qc8 14. dxe5 dxe5 15. Nd5 h6 16. Bh4 Kf8 17. Qd2 Nd4 18. Nxd4 exd4 19. Qb4+ c5 20. Qxb6 Re6 21. Qb3 g5 22. Bg3 Nxg3 23. Qxg3 Be5 24. Qf3 Bxd5 25. exd5 Re7 26. d6 Bxd6 27. Rxe7 Kxe7 28. Qxf7+ Kd8 29. Re1 Qd7 30. Qg8+ Kc7 31. Qxa8 1-0

[Event "Velika Gorica op 9th"]
[Site "Velika Gorica"]
[Date "2010.08.27"]
[Round "5"]
[White "Blazeka, Djuro"]
[Black "Raguz, Dario"]
[Result "1/2-1/2"]
[WhiteElo "1933"]
[BlackElo "2213"]
[PlyCount "180"]
[EventDate "2010.08.23"]
[EventType "swiss"]
[EventRounds "9"]
[EventCountry "CRO"]
[SourceTitle "CBM 138 Extra"]
[Source "ChessBase"]
[SourceDate "2010.10.29"]
[SourceVersion "1"]
[SourceVersionDate "2010.10.29"]
[SourceQuality "1"]

1. e4 c5 2. Nf3 d6 3. d4 cxd4 4. Nxd4 Nf6 5. Nc3 a6 6. Be2 e5 7. Nb3 Be7 8. 0-0 0-0 9. Be3 Be6 10. f4 exf4 11. Bxf4 Nc6 12. Kh1 Ne5 13. Qd4 Qc7 14. Rad1 Rfd8 15. Rf2 b5 16. Nd5 Bxd5 17. exd5 Ng6 18. c3 Nd7 19. Rd3 Bf6 20. Qb4 Nb6 21. Nd2 Nxf4 22. Qxf4 Re8 23. Ne4 Be5 24. Qh4 Qe7 25. Qxe7 Rxe7 26. Bf3 Rae8 27. g3 h6 28. Kg2 f5 29. Nd2 g6 30. Nb3 Bf6 31. Nd4 Bxd4 32. Rxd4 h5 33. h3 Nc4 34. a4 Re1 35. axb5 axb5 36. b3 Ne3+ 37. Kh2 Rc8 38. Rb4 Rc5 39. Re2 Rxe2+ 40. Bxe2 Nxd5 41. Rxb5 Nxc3 42. Rxc5 dxc5 43. Bc4+ Kg7 44. Kg2 Ne4 45. Kh2 Kf6 46. h4 Nd6 47. Bd5 Ke5 48. Bg8 f4 49. gxf4+ Kxf4 50. Kh3 Ke5 51. Kg3 Nf5+ 52. Kh3 Ne7 53. Bf7 Kf6 54. Bc4 Kf5 55. Kg3 Nc6 56. Bd3+ Kf6 57. Kf4 Ne7 58. Kg3 Nf5+ 59. Kh3 Ke5 60. Bc4 Ne3 61. Bf7 Kf5 62. Bg8 Nc2 63. Kg3 Nd4 64. Bf7 Ne2+ 65. Kf3 Nf4 66. Kg3 Ke5 67. Kf3 Kf5 68. Kg3 g5 69. hxg5 Kxg5 70. Bg8 h4+ 71. Kf3 Ng6 72. Kg2 Ne7 73. Bf7 Nf5 74. Bg8 Kg4 75. Be6 Kf4 76. Kh3 Nd4 77. Bc4 Nf3 78. Bd5 Ke3 79. Kg4 Nd4 80. Kxh4 Kd3 81. Kg3 Kc3 82. Kf2 Nxb3 83. Ke1 Kc2 84. Bg8 Nd4 85. Bf7 Nb5 86. Bg8 Nc3 87. Bf7 Kd3 88. Bg6+ Kd4 89. Kd2 Ne4+ 90. Bxe4 Kxe4 1/2-1/2

[Event "Velika Gorica op 9th"]
[Site "Velika Gorica"]
[Date "2010.08.26"]
[Round "4"]
[White "Raguz, Dario"]
[Black "Greb, Nikola"]
[Result "1/2-1/2"]
[WhiteElo "2213"]
[BlackElo "2045"]
[PlyCount "163"]
[EventDate "2010.08.23"]
[EventType "swiss"]
[EventRounds "9"]
[EventCountry "CRO"]
[SourceTitle "CBM 138 Extra"]
[Source "ChessBase"]
[SourceDate "2010.10.29"]
[SourceVersion "1"]
[SourceVersionDate "2010.10.29"]
[SourceQuality "1"]

1. d4 c5 2. d5 e6 3. c4 exd5 4. cxd5 d6 5. Nc3 Ne7 6. e4 Ng6 7. f4 Be7 8. Bb5+ Bd7 9. Bd3 Bh4+ 10. g3 Bf6 11. Nf3 Bh3 12. Bf1 Bxf1 13. Kxf1 0-0 14. Kg2 Re8 15. Re1 Nd7 16. Nd2 a6 17. a4 Qc7 18. Qb3 Re7 19. a5 Rae8 20. Ra4 Bxc3 21. bxc3 Nf6 22. Qc4 Qd7 23. h3 Nxd5 24. Qxd5 Qxa4 25. Qxd6 Qxa5 26. Qd3 b5 27. h4 c4 28. Qf3 h6 29. h5 Nf8 30. e5 f6 31. Ne4 fxe5 32. fxe5 Rxe5 33. Bxh6 Qb6 34. Bf4 R5e6 35. h6 Ng6 36. hxg7 Qc6 37. Nf6+ Rxf6 38. Qxc6 Nxf4+ 39. gxf4 Rxc6 40. Rxe8+ Kxg7 41. Kf3 a5 42. Ra8 a4 43. Ke3 Rc5 44. Ra6 Kf7 45. Kd4 Rf5 46. Ke4 Rf6 47. Ra7+ Kg6 48. Rb7 Rf5 49. Rb6+ Rf6 50. Rxb5 Ra6 51. Rb2 a3 52. Ra2 Ra4 53. Ke3 Ra5 54. Kd4 Ra4 55. Kc5 Kf5 56. Kb5 Ra8 57. Kxc4 Kxf4 58. Kb3 Ke5 59. Rxa3 Rb8+ 60. Kc4 Kd6 61. Ra7 Kc6 62. Rh7 Rg8 63. Rh6+ Kc7 64. Kb4 Rg5 65. c4 Rf5 66. Rh7+ Kc8 67. c5 Rf6 68. Kc4 Rg6 69. Kb5 Rf6 70. Rh5 Rg6 71. Rd5 Rf6 72. c6 Rf1 73. Kc5 Rc1+ 74. Kd6 Re1 75. Rd4 Re2 76. Rb4 Rd2+ 77. Kc5 Rc2+ 78. Kb6 Rc1 79. Rb5 Rc2 80. Ka6 Rxc6+ 81. Rb6 Rc1 82. Rb4 1/2-1/2

[Event "Zagreb op-B"]
[Site "Zagreb"]
[Date "2010.03.04"]
[Round "9"]
[White "Raguz, Dario"]
[Black "Takac, Zvonko"]
[Result "1-0"]
[WhiteElo "2177"]
[BlackElo "2088"]
[PlyCount "140"]
[EventDate "2010.02.25"]
[EventType "swiss"]
[EventRounds "9"]
[EventCountry "CRO"]
[SourceTitle "CBM 135 Extra"]
[Source "ChessBase"]
[SourceDate "2010.05.04"]
[SourceVersion "1"]
[SourceVersionDate "2010.05.04"]
[SourceQuality "1"]

1. Nf3 d5 2. d4 Nf6 3. c4 c6 4. Qc2 e6 5. g3 Nbd7 6. Bg2 dxc4 7. Qxc4 Nb6 8. Qc2 Bb4+ 9. Bd2 Bxd2+ 10. Nbxd2 0-0 11. 0-0 Qe7 12. e4 Rd8 13. Rad1 Bd7 14. a3 Be8 15. Rfe1 Nbd7 16. Nc4 Nb6 17. Na5 Rac8 18. b4 Na8 19. Ne5 Qc7 20. Nb3 b6 21. Rc1 Rd6 22. Nc4 Rdd8 23. e5 Nd5 24. Nd6 Rxd6 25. exd6 Qxd6 26. Nd2 Ne7 27. Qc4 Nc7 28. Ne4 Qd8 29. Nc3 Nf5 30. Red1 Nd6 31. Qb3 Nd5 32. a4 a6 33. Bf1 b5 34. axb5 axb5 35. Nxd5 exd5 36. Ra1 Bd7 37. Ra7 h5 38. Rda1 Be6 39. Qe3 Nf5 40. Qe5 Qf6 41. Ra8 Qxe5 42. Rxc8+ Bxc8 43. dxe5 g5 44. Ra8 Ne7 45. f4 Kg7 46. Ra7 Ng6 47. Rc7 Bf5 48. Rxc6 gxf4 49. gxf4 Nxf4 50. Rd6 Bd3 51. Rf6 Bxf1 52. Rxf4 Bc4 53. Kf2 Kg6 54. Ke3 Kg5 55. h4+ Kg6 56. Rf6+ Kg7 57. Kd4 Ba2 58. Kc5 Bc4 59. Rf4 Kg6 60. Kd6 d4 61. Rf6+ Kg7 62. Kc5 d3 63. Rd6 Kf8 64. Kd4 Ke7 65. Ke3 f5 66. Kf4 Kf7 67. Kxf5 Bb3 68. Kg5 d2 69. Rxd2 Ke6 70. Kf4 Bd5 1-0

[Event "Zagreb op-B"]
[Site "Zagreb"]
[Date "2010.02.28"]
[Round "4"]
[White "Bender, Zdenko"]
[Black "Raguz, Dario"]
[Result "0-1"]
[WhiteElo "2085"]
[BlackElo "2177"]
[PlyCount "58"]
[EventDate "2010.02.25"]
[EventType "swiss"]
[EventRounds "9"]
[EventCountry "CRO"]
[SourceTitle "CBM 135 Extra"]
[Source "ChessBase"]
[SourceDate "2010.05.04"]
[SourceVersion "1"]
[SourceVersionDate "2010.05.04"]
[SourceQuality "1"]

1. d4 Nf6 2. Nf3 e6 3. Bg5 h6 4. Bh4 b6 5. Nbd2 Bb7 6. e3 c5 7. c3 Be7 8. Bd3 d6 9. 0-0 0-0 10. Rc1 Nbd7 11. Bb1 Re8 12. Qe2 Rc8 13. e4 Nh5 14. Bxe7 Qxe7 15. Rcd1 Nf4 16. Qe3 e5 17. g3 cxd4 18. cxd4 Ne6 19. b4 Ng5 20. Nh4 d5 21. Qa3 dxe4 22. dxe5 e3 23. Ne4 Bxe4 24. Bxe4 e2 25. Bf5 exf1Q+ 26. Kxf1 Rc7 27. f4 Ne6 28. Rd6 Ndf8 29. Kg2 Nxf4+ 0-1